Howard Barker, politics and desire : (Record no. 14318)

000 -LEADER
fixed length control field 01478cam a2200373 a 4500
001 - CONTROL NUMBER
control field 15878678
005 - DATE AND TIME OF LATEST TRANSACTION
control field 20170105102852.0
008 - FIXED-LENGTH DATA ELEMENTS--GENERAL INFORMATION
fixed length control field 090824s2009 enk b 001 0 eng d
010 ## - LIBRARY OF CONGRESS CONTROL NUMBER
LC control number 2009464683
015 ## - NATIONAL BIBLIOGRAPHY NUMBER
National bibliography number GBA8C5964
Source bnb
016 7# - NATIONAL BIBLIOGRAPHIC AGENCY CONTROL NUMBER
Record control number 014793847
Source Uk
020 ## - INTERNATIONAL STANDARD BOOK NUMBER
International Standard Book Number 9780230577404 (pbk.)
020 ## - INTERNATIONAL STANDARD BOOK NUMBER
International Standard Book Number 0230577407 (pbk.)
020 ## - INTERNATIONAL STANDARD BOOK NUMBER
International Standard Book Number 9780333443408
020 ## - INTERNATIONAL STANDARD BOOK NUMBER
International Standard Book Number 0333443403
035 ## - SYSTEM CONTROL NUMBER
System control number (OCoLC)ocn269433712
040 ## - CATALOGING SOURCE
Original cataloging agency UKM
Transcribing agency UKM
Modifying agency BTCTA
-- BWKUK
-- YDXCP
-- BWK
-- BWX
-- CDX
-- DLC
042 ## - AUTHENTICATION CODE
Authentication code ukblcatcopy
-- lccopycat
050 00 - LIBRARY OF CONGRESS CALL NUMBER
Classification number PR6052.A6485
Item number Z86 2009
082 00 - DEWEY DECIMAL CLASSIFICATION NUMBER
Classification number 823.914
Edition number 22
100 1# - MAIN ENTRY--PERSONAL NAME
Personal name Rabey, David Ian,
Dates associated with a name 1958-
245 10 - TITLE STATEMENT
Title Howard Barker, politics and desire :
Remainder of title an expository study of his drama and poetry, 1969-87 /
Statement of responsibility, etc. David Ian Rabey.
260 ## - PUBLICATION, DISTRIBUTION, ETC.
Place of publication, distribution, etc. Basingstoke ;
-- New York :
Name of publisher, distributor, etc. Palgrave Macmillan,
Date of publication, distribution, etc. 2009.
300 ## - PHYSICAL DESCRIPTION
Extent xviii, 302 p. ;
Dimensions 22 cm.
500 ## - GENERAL NOTE
General note Previous ed.: Basingstoke: Macmillan, 1989.
504 ## - BIBLIOGRAPHY, ETC. NOTE
Bibliography, etc. note Includes bibliographical references (p. 293-299) and index.
600 10 - SUBJECT ADDED ENTRY--PERSONAL NAME
Personal name Barker, Howard,
Dates associated with a name 1946-
Form subdivision Criticism and interpretation.
650 #0 - SUBJECT ADDED ENTRY--TOPICAL TERM
Topical term or geographic name entry element Politics and literature
Geographic subdivision Great Britain
General subdivision History
Chronological subdivision 20th century.
650 #0 - SUBJECT ADDED ENTRY--TOPICAL TERM
Topical term or geographic name entry element Political plays, English
Form subdivision History and criticism.
650 #0 - SUBJECT ADDED ENTRY--TOPICAL TERM
Topical term or geographic name entry element Political poetry, English
Form subdivision History and criticism.
906 ## - LOCAL DATA ELEMENT F, LDF (RLIN)
a 7
b cbc
c copycat
d 2
e ncip
f 20
g y-gencatlg
942 ## - ADDED ENTRY ELEMENTS (KOHA)
Source of classification or shelving scheme
Koha item type Book
Holdings
Withdrawn status Lost status Damaged status Not for loan Collection code Permanent Location Current Location Shelving location Date acquired Total Checkouts Full call number Barcode Date last seen Date last checked out Price effective from Koha item type
          Central Library (CL) Central Library (CL) General Stacks 08/06/2013 1 823.914 RAB 1989 CIPS0000572 10/15/2020 10/16/2019 08/21/2013 Book
© 2023 Central Library, National University of Sciences and Technology. All Rights Reserved.